vufinder Bibliothèque Municipale de Charleval de Provence
Se connecter
« Retourner aux résultats de recherche

Sacs et accessoires créatifs

Book Cover
Auteur principal: Laurence Guével
Support: Livres
Langue: Francais
Publié: 2007 CréaPassions Limoges
Genre: Documentaire
Collection: DécoAttitude
Sujets:
Étiquettes: Ajouter
Pas de Tags !

LEADER 00961nam0a2200205 450
001 16848267
010 |a 978-2-916495-26-2  |b Br.  |d 15 € 
100 |a 20071120d2007 u u0frey01 ba 
101 0 |a fre 
102 |a FR 
200 0 |a Sacs et accessoires créatifs  |f Laurence Guével 
207 1 |a   
210 |a Limoges  |c CréaPassions  |d 2007 
215 |a 120 p.  |c illustrations en couleur  |d 19 x 19 cm 
225 1 |a DécoAttitude 
330 |a Présentation de plus 50 modèles de sacs originaux et créatifs réalisés dans différentes matières comme le papier, le métal, le lin, la feutrine, en passant par le faux cuir. Pour apprendre à créer des modèles simples ou plus originaux avec leurs accessoires assortis (housse de portable, étui à lunettes...). 
700 0 |a Guével  |b Laurence  |4 70 
900 |a Documentaire 
901 |a Accessible au prêt 
995 |a Bibliothèque  |c Bibliothèque  |f 00156007038219  |h 00156007038219  |k 745.5 GUE  |o p  |q a  |r az  |e Bibliothèque 

Options de recherche

Historique de recherche
Recherche avancée

Trouver plus

Nouveautés

Besoin d'aide ?

Contacter un bibliothécaire